Statistics for Disney villains by their songs

Click here to take the quiz!

General Stats

  • This quiz has been taken 81 times
  • The average score is 6 of 8

Answer Stats

songvillain% Correct
GastonGaston
99%
Love is an Open DoorPrince Hans
97%
Poor Unfortunate SoulsUrsula
96%
Mother Knows BestMother Gothel
94%
Friends on the Other SideDr. Facilier
71%
ShinyTamatoa
66%
Snuff Out the LightYzma
37%
Mine Mine MineRatcliffe
34%

Score Distribution

Percentile by Number Answered

Percent of People with Each Score

Your Score History

You have not taken this quiz